000
00397nam a2200145Ia 4500
008
100122s9999 xx 000 0 und d
082
_b
20556
_a
920.054
100
_a
भावे पु भा
245
_a
मुद्रा
260
_b
आनंद अनंत अंतरकर
_c
1974
300
_a
125
630
_a
मुद्रा
730
_a
मुद्रा
942
_c
BOOK
999
_c
409084
_d
409081